LEADER 02054nam 2200601 a 450 001 9910456999503321 005 20200520144314.0 010 $a1-78402-281-0 010 $a1-283-13318-0 010 $a9786613133182 010 $a0-7486-4600-0 035 $a(CKB)2550000000036712 035 $a(EBL)714148 035 $a(OCoLC)730151849 035 $a(SSID)ssj0000523984 035 $a(PQKBManifestationID)12205540 035 $a(PQKBTitleCode)TC0000523984 035 $a(PQKBWorkID)10546261 035 $a(PQKB)11373841 035 $a(MiAaPQ)EBC714148 035 $a(Au-PeEL)EBL714148 035 $a(CaPaEBR)ebr10477153 035 $a(CaONFJC)MIL313318 035 $a(EXLCZ)992550000000036712 100 $a20110623d2011 uy 0 101 0 $aeng 135 $aur|n|---||||| 181 $ctxt 182 $cc 183 $acr 200 04$aThe Lyotard dictionary$b[electronic resource] /$fedited by Stuart Sim 210 $aEdinburgh $cEdinburgh University Press$d2011 215 $a1 online resource (265 p.) 300 $aDescription based upon print version of record. 311 $a0-7486-4005-3 311 $a0-7486-4006-1 320 $aIncludes bibliographical references. 327 $aCover; Copyright; Contents; Acknowledgements; Abbreviations; Introduction; Entries A-Z; Bibliography; Notes on Contributors 330 $aDrawing on a multidisciplinary team of experts, The Lyotard Dictionary provides a clear and accessible introduction to all of his main concepts, contextualising these within his work as a whole and relating him to his contemporaries. 606 $aPostmodernism$vDictionaries 606 $aPhilosophy, French$y20th century$vDictionaries 608 $aElectronic books. 615 0$aPostmodernism 615 0$aPhilosophy, French 676 $a194 701 $aSim$b Stuart$0144074 801 0$bMiAaPQ 801 1$bMiAaPQ 801 2$bMiAaPQ 906 $aBOOK 912 $a9910456999503321 996 $aThe Lyotard dictionary$92157416 997 $aUNINA